Titoli Di Coda Un nuovo caso per il commissario kostas charitos

-д хадгалсан:
Номзүйн дэлгэрэнгүй
Үндсэн зохиолч: Petros Markaris
Формат: Ном
Хэл сонгох:Тодорхойгүй
Хэвлэсэн: Bompiani
Шошгууд: Шошго нэмэх
Шошго байхгүй, Энэхүү баримтыг шошголох эхний хүн болох!

MARC

LEADER 00000nam a2200000Ia 4500
001 R-480
003 CODICE-MESSINA
005 20260212102452.0
008 260211s9999 xx 000 0 und d
040 |c importazione_messina 
100 |a Petros Markaris 
245 0 |a Titoli Di Coda 
245 0 |b Un nuovo caso per il commissario kostas charitos 
260 |b Bompiani 
942 |2 ddc  |c BK 
952 |0 0  |1 0  |2 ddc  |4 0  |6 SCAFFALE_4_000000000000000__ROMANZI  |7 0  |9 31300  |a ME  |b ME  |d 2026-02-11  |l 0  |o SCAFFALE 4 - ROMANZI  |p R-480  |r 2026-02-11 23:52:28  |w 2026-02-11  |x [REVISIONARE]  |y BK 
999 |c 26964  |d 26964